Aktuálne k problematike kvality a efektívnosti výkonu verejnej správy v SR

Salvato in:
Dettagli Bibliografici
Autore principale: Beličková, Kornélia, 1966-
Natura: Capitolo di libro
Lingua:slovacco
Tags: Aggiungi Tag
Nessun Tag, puoi essere il primo ad aggiungerne!!

MARC

LEADER 00000naa$a2200000$$$4500
001 0174299
005 20240502083414.9
041 0 |a slo 
044 |a CZ 
245 1 0 |a Aktuálne k problematike kvality a efektívnosti výkonu verejnej správy v SR  |c Kornélia Beličková 
100 1 |a Beličková, Kornélia, 1966-